000
00265nam a2200109Ia 4500
008
190906s9999||||xx |||||||||||||| ||und||
100
_a
Aaker.Kumar .Day
245
0
_a
Marketing Research
260
_a
New Jersey
_b
Willey Student
_c
2001
300
_a
750
942
_c
BK
999
_c
6130
_d
6130